00252nam a2200097Ia 4500008004100000041000800041082001600049100001700065245004200082260003000124230627s9999 xx 000 0 und d amar a346.08bGHA aGhanekar B.V aA To Z Offence Of Dishonour Of Cheque aPunebB.V. Ghanekarc2003